Taylor Swift Songs Beginning With "B" - Statistics

General Stats
  • This quiz has been taken 120 times
    89 since last reset
  • The average score is 11 of 18
Answer Stats
Songs % Correct
betty
77%
Babe
75%
Back To December
74%
Better Than Revenge
72%
Bad Blood
67%
Bad Blood (ft. Kendrick Lamar)
67%
Blank Space
67%
Begin Again
65%
Better Man
63%
Bigger Than The Whole Sky
61%
Bejeweled
60%
Bye Bye Baby
60%
The Best Day
53%
Breathe
47%
But Daddy I Love Him
46%
The Bolter
44%
The Black Dog
35%
Beautiful Ghosts
25%
No matching quizzes found
Score Distribution
Percent of People with Each Score
Percentile by Number Answered
Your Score History
You have not taken this quiz since the last reset